Svet skratiek a značiek
Enregistré dans:
| Auteur principal: | |
|---|---|
| Format: | Livre |
| Langue: | slovaque |
| Publié: |
Bratislava
SOFA
1995
|
| Édition: | 1. vyd. |
| Collection: | Edícia pre ekonomické a hospodárske poradenstvo
|
| Sujets: | |
| Tags: |
Pas de tags, Soyez le premier à ajouter un tag!
|
MARC
| LEADER | 00000nam a2200000 4500 | ||
|---|---|---|---|
| 001 | c010923 | ||
| 005 | 20221214072104.1 | ||
| 020 | |a 80-85752-19-0 | ||
| 041 | 0 | |a slo | |
| 044 | |a SK | ||
| 245 | 1 | 0 | |a Svet skratiek a značiek |c Andrej Tušer |
| 250 | |a 1. vyd. | ||
| 264 | 1 | |a Bratislava |b SOFA |c 1995 | |
| 300 | |a 174 s. | ||
| 490 | 1 | |a Edícia pre ekonomické a hospodárske poradenstvo | |
| 830 | 0 | |a Edícia pre ekonomické a hospodárske poradenstvo | |
| 610 | 2 | 0 | |a jazykoveda |
| 610 | 2 | 0 | |a terminológia |
| 100 | 1 | |a Tušer, Andrej | |